| 000 | 00754cam a22002653a 4500 | ||
|---|---|---|---|
| 001 | 29523 | ||
| 003 | PGUSA | ||
| 005 | 20140828083635.0 | ||
| 008 | 090727s2009||||xxu|||||s|||||000 p eng d | ||
| 040 |
_aPGUSA _beng |
||
| 042 | _adc | ||
| 050 | 4 | _aPQ | |
| 100 | 1 |
_aJammes, Francis, _d1868-1938 |
|
| 245 | 1 | 0 |
_aLe poète et l'inspiration : _bOrné et gravé par Armand Coussens _h[electronic resource] / _cFrancis Jammes |
| 260 |
_bProject Gutenberg, _c2009 |
||
| 506 | _aPublic domain in the USA. | ||
| 516 | _aElectronic text | ||
| 653 | _aPoets | ||
| 653 | _aPoetry | ||
| 653 | _aInspiration | ||
| 700 | 1 |
_aCoussens, Armand, _d1881-1935 |
|
| 830 | 0 |
_aProject Gutenberg _v29523 |
|
| 856 | 4 | 0 | _uhttp://www.gutenberg.org/ebooks/29523 |
| 942 | _cEB | ||
| 999 |
_c258778 _d258778 |
||